000 00398nam a22001577a 4500
008 250605b |||||||| |||| 00| 0 eng d
020 _a9780134995588
050 _aQA 39.2
_b.M 55
100 _aMiller D Charles
245 _amathematical ideas
250 _a14th
260 _aUnited state of america
_bPearson Education Inc
_c2020
300 _a927p
650 _aMathematics
942 _cBK
999 _c3810
_d3810